4 Letter TV Series Quiz Stats

 Plays Quiz Updated Oct 18, 2018

Score 0/27 Timer 08:00
3 Plays Today
Description Series % Correct
1972-83: Army surgeons deal with the Korean conflict
through laughter and tears.
M*A*S*H
85.2%
2009-15: A high-school teacher revives a choral music club, initially composed mostly of outcasts.Glee
76%
2004-10: Examines the lives of a group of strangers
before and after their airplane crashed.
Lost
75.3%
2004-06: A 'Friends' spin-off that follows
the tribulations of a struggling ex-soap actor.
Joey
74.9%
1978-83: Comedy about the lives of employees
of the Sunshine Cab Co.
Taxi
72%
2001-07: Country singer McEntire plays
a divorced mother at odds with her ex's trophy wife.
Reba
71.6%
1989-present: Documentary series
that follows police officers on the job.
COPS
71.5%
2002-09: A San Francisco detective with OCD
can solve every crime except his wife's murder.
Monk
67.8%
2003-present: Special agents investigate crimes
in the Navy & Marine Corps.
NCIS
65%
1982-87: New York students attend a high school
for the performing arts.
Fame
57.1%
2005-07: HBO historical drama set in the time
of Julius Caesar and Marc Anthony.
Rome
51.5%
1974-present: Omnibus documentary series on science
seen on PBS.
Nova
41.3%
1977-81: Parody of daytime dramas
with a continuing risque storyline.
Soap
39.9%
1991-94: Nickelodeon cartoon
about a 'Funnie' and imaginative Bluffington pre-teen.
Doug
38.4%
Description Series % Correct
1985-86: Mary Tyler Moore sitcom
where she plays a newspaper reporter.
Mary
36.6%
1980-81: 'Dukes Of Hazzard' spin-off where
Deputy Enos Strate goes to LA.
Enos
27.2%
1986-91: Comedy about a deacon
in an African-American church.
Amen
23.3%
1965-68: A black man & a white man work together
to fight crime while undercover as tennis pros.
I Spy
22%
1976-84: Canadian sketch comedy about
an independent television channel in Melonville.
SCTV
18.8%
1975-77 / 2016-present: LA police special forces division drama,
best remembered for its theme song.
S.W.A.T.
17.2%
2007-09: After 12 years jailed on false charges,
a cop returns to his job with a new philosophy.
Life
15.6%
2007: A family of Cuban-Americans
fight to control a rum & sugar business.
Cane
14.1%
1995-96: Ex-'Growing Pains' star Kirk Cameron plays a college grad left in charge of his younger siblings.Kirk
12.7%
2009: After losing his job, a Wall Street executive
must move near his small-town in-laws.
Hank
8.4%
2002-04: An ex-cop works as a taxi driver
but moonlights as a vigilante.
Hack
5.4%
2005: Tim Daly runs a just-legal company
that investigates crimes and people.
Eyes
3.1%
1987-89: FOX sitcom starring
Chris Lemmon & Mary Page Keller.
Duet
2.7%

You're not logged in!

Compare scores with friends on all Sporcle quizzes.
OR
Log In

Sporcle TV

Today on Sporcle TV


Watch our educational content, quiz creation guides, and fun videos on Sporcle TV.

Show Comments

Extras

Top Quizzes Today


Score Distribution

Your Account Isn't Verified!

In order to create a playlist on Sporcle, you need to verify the email address you used during registration. Go to your Sporcle Settings to finish the process.

Report this User

Report this user for behavior that violates our Community Guidelines.

Details: